| 000 | 00748nam a22002537a 4500 | ||
|---|---|---|---|
| 005 | 20170124110218.0 | ||
| 010 | _a897739 | ||
| 020 |
_c00.00 _a0413386309 |
||
| 035 | _a897739 | ||
| 037 | _bCen Lib/Ret | ||
| 040 |
_aDPL _bEN |
||
| 082 |
_a599.2 _bHVA |
||
| 100 |
_aHvass, Hans _939451 |
||
| 245 |
_aBirds of the world / _cby Hans Hvass; translated by Gwynne Vevers; illustrated by Wilhelm Eigener |
||
| 260 |
_aLondon _bEyre Methuen _c1978 |
||
| 270 | _bLondon | ||
| 300 |
_a210p. : _c22cm(Hb) _bcol.ill. |
||
| 500 | _aIncludes index | ||
| 650 |
_aBirds -- Pictorial works _939452 |
||
| 650 |
_aBirds _939453 |
||
| 700 |
_aVevers, Gwynne _939454 |
||
| 700 |
_a Eigener, Wilhelm _939455 |
||
| 942 |
_2ddc _cEN _h599.2 _mHVA |
||
| 999 |
_c133985 _d133985 |
||